00625nam a22002057a 4500008004100000010001400041020001000055035001300065037001500078040001800093082001000111100002100121245010200142260004500244300002300289650003100312650002800343700002400371700002400395081230t xxu||||| |||| 00| 0 eng d aENG-92314 c90.00 aEN-75847 bDBAD / PUB adplbEnglish  a651.7 aRamachandra, K.  aB. Com business communication-II /cby K. Ramachandra, B. Chandrashekara [and] P. Paramashivaiah  aMumbaibHimalaya Publishing House c2006 a118p. c24cm (pbk) aCommercial correspondence. aBusiness communication. aChandrashekara, B.  aParamashivaiah, P.